Nadácia akademika Ladislava Cigánka

Bibliographic Details
Main Author: Spevák, Ján (Author)
Format: Article
Language:Slovak
PhysicalDescription:Obr. 1
Subjects:

MARC

LEADER 00000nab a2200000 a 4500
001 vtls000497624
003 SK-MaSNL
005 20260303003049.0
008 120927c1992 xo 0 slo
015 |a SNBRB19rr/mm-uuuuu 
035 |a CL0497762 
040 |a SNKBUCL  |b slo  |c SNKBUCL  |e AACR2 
041 0 |a slo 
044 |a xo  |c SK 
080 |a 621.3:061.27  |2 1981 
080 |a 061.27  |2 1981 
100 1 |a Spevák, Ján  |4 aut  |9 350017 
245 1 0 |a Nadácia akademika Ladislava Cigánka  |c Ján Spevák 
300 |b Obr. 1 
650 0 7 |a Nadácia akademika Ladislava Cigánka  |2 snkbucl  |9 980467 
655 7 |a články z novín a časopisov  |2 snkbucl  |9 267496 
773 0 |t Transformátory  |g Č. 84 (1992), s. 39-40 
850 |a Slovenská národná knižnica v Martine  |a MTA001 
852 |a SNK  |b KIS3GCP 
958 |a RK 
992 |a RBX 
999 |c 1571007  |d 1572937